Регионална библиотека "Любен Каравелов" - Русе

Писменост и книгопечатане (Запис номер 341812)

MARC детайли
000 -Лидер
Контролно поле с фиксирана дължина 01266nam a2200325 a 4500
003 - Код на организацията, давaща контролен номер
Контролно поле BLK
005 - Дата и час на последна редакция
Контролно поле 20250110092538.0
008 - Елементи от данни с фиксирана дължина
fixed length control field 180911b bul|||||r ||||||| ||bul||
010 ## - Наследен системен номер
LC control number 001442
040 ## - Източник на каталожния запис
Идентификатор на билиотеката - собственик на записа BLK
041 ## - Код за език
Код за езика на текст/звукозапис или на отделно заглавие Български
Код за езика КДБФ Български
080 ## - УДК
УДК - код + определител 002.19(497.2)
100 1# - Редна дума - Автор
Автор КУТИНЧЕВ, Стилиян
Авторска отговорност първи автор
R(LIN) 399280
245 00 - Сведения за заглавието
Заглавие Писменост и книгопечатане
Подзаглавни данни Произход и развой на книгопечатната техника
Редно поле (дума) Стилиян Атанасов Кутинчев
260 ## - Област на издателските данни
Място на издаване, разпространение и проч. София
Година на издаване 1920
Печатница София : Държ. печ.
300 ## - Физическа характеристика
Страници 164 с
Илюстрации и др. с ил
Размери/Мащаб 23 см
380 ## - Жанр
Жанр Общ отдел
490 ## - СЕРИИ (Колекции)
Име на серия Частна колекция - Академик Михаил Арнаудов
Бележки за серията Дарение - Основен фонд
500 ## - Общи забележки
Забележка Михаил Арнаудов: подпис. - Автограф с текст: На Проф. М. Арнаудов от Автора 1. IХ. 20
655 ## - Ключова дума – жанр/разновидност
Данни за жанр/разновидност или ключова дума за фокус български печат
700 1# - Други автори (авторска отговорност)
Лично име Ст. Кутинчев
9 (RLIN) 399281
852 ## - Местоположение
Форматна сигнатура МА 2860
Фондова буква Фонд "Михаил Арнаудов"
852 ## - Местоположение
Форматна сигнатура Цб 6.235.9232
Фондова буква Хранилище
942 ## - АРТИКУЛИ
Вид на библиотечния материал Книги
Скрит в OPAC Не
Периодичен библиозапис Да
944 ## - СЪЗДАВАНЕ И РЕДАКЦИЯ на ЗАПИСА
Създаване/Редакция Създаване
Дата на регистрацията/редакция 1994
Служител, извършил регистрацията/редакцията 30546
Статус, дата на статуса Ренета Константинова
999 ## - СИСТЕМНИ КОНТРОЛНИ НОМЕРА
Koha biblionumber 341812
Koha biblioitemnumber 341812
999 ## - СИСТЕМНИ КОНТРОЛНИ НОМЕРА
Koha biblioitemnumber 341812
999 ## - СИСТЕМНИ КОНТРОЛНИ НОМЕРА
Koha biblioitemnumber 341812
999 ## - СИСТЕМНИ КОНТРОЛНИ НОМЕРА
Koha biblioitemnumber 341812
999 ## - СИСТЕМНИ КОНТРОЛНИ НОМЕРА
Koha biblioitemnumber 341812
Наличности
Код за отписване Код за изгубен артикул Източник на класификационната схема Код за повреда Коз за рестрикции Код за отдаване Артикулен № Име на библиотеката - собственик Име на библиотеката, в която се намира в момента Статус (Текущо местоположение) Местоположение - отдел Цена в лева Номерация (Хронология) Инвентарен номер Систематично азбучна сигнатура Баркод Номер на екземпляра Цена в евро Служебен тип на артикула Дата на вписване в системата
  Не е изгубен Universal Decimal Classification Не е повреден само за читалня Специални фондове ( старопечатни, редки и ценни, фонд М. Арнаудов) 741814 Регионална библиотека "Любен Каравелов" Русе Регионална библиотека "Любен Каравелов" Русе Фонд "Михаил Арнаудов" Фонд "Михаил Арнаудов" 10.00 Автограф: Ст. Кутинчев 592028 МА 2860 120000592028 1 5.11 Книги  
  Не е изгубен Universal Decimal Classification Не е повреден само за читалня ползва се в читалня 833770 Регионална библиотека "Любен Каравелов" Русе Регионална библиотека "Любен Каравелов" Русе Хранилище Основен фонд - ползва се само за читалня 0.13   9232 Цб 6.235.9232 900000061884   0.07 Книги 2021-06-01
Vip Innovations Ltd, Rousse, Bulgaria 2025